Missing Word: 50 Cent Songs - Statistics

General Stats
  • This quiz has been taken 86 times
  • The average score is 10 of 14
Answer Stats
Hint Answer % Correct
In Da _____ Club
99%
_____ Shop Candy
96%
Many _____ (Wish Death) Men
93%
21 _____ Questions
88%
Just A _____ Bit Lil
83%
Patiently _____ Waiting
78%
Disco _____ Inferno
74%
Gotta _____ It To Heaven Make
72%
_____ Shopper Window
71%
_____ Up Gangsta What
70%
No _____ No Juliet Romeo
68%
Do You _____ About Me Think
54%
_____ In My Car Get
51%
Part of the _____ Game
23%
No matching quizzes found
Score Distribution
Percent of People with Each Score
Percentile by Number Answered
Your Score History
You have not taken this quiz